Quarterback Grandpas - Statistics

General Stats
  • This quiz has been taken 33 times
  • The average score is 9 of 12
Answer Stats
Picture Answer % Correct
Aaron Rodgers
100%
Eli Manning
93%
Peyton Manning
93%
Tom Brady
93%
Matthew Stafford
86%
Ben Roethlisberger
79%
Brett Favre
72%
Drew Brees
72%
Phillip Rivers
69%
Matt Ryan
66%
Dan Marino
55%
Kirk Cousins
45%
No matching quizzes found
Score Distribution
Percent of People with Each Score
Percentile by Number Answered
Your Score History
You have not taken this quiz